La bandera de la assist al fin del siglo, ojeada sobre la asociación de la hijas de María inmaculada, ...

Detalles Bibliográficos
Autor principal: CHAVEZ, Gabino
Formato: Libro
Publicado: México 1900
Materias:
Colección:Banco de datos
Acervo:Biblioteca del Ex Convento de Nuestra Señora de Guadalupe. Zacatecas
Tema general:Historia Eclesiástica
Notas:Buena. XVIII,8,18 (5912)
LEADER 00737nam a22001930004500
035 |a 45235 
036 |a 6419 
100 1 |a CHAVEZ, Gabino 
245 1 0 |a La bandera de la assist al fin del siglo, ojeada sobre la asociación de la hijas de María inmaculada, ... 
260 |a México  |b Imprenta de J. de Elizalde  |c 1900 
500 |a Buena. XVIII,8,18 (5912) 
650 1 0 |a Historia Eclesiástica 
949 |a CRZ-CG 
959 |a Ex convento de Nuestra Señora de Guadalupe, Museo Regional de Zacatecas, Zacatecas  |b CCC4 
960 |a Convento de Nuestra Señora de Guadalupe, Zacatecas  |b DD87 
961 |a Franciscana  |b OF 
942 |c CRZ-CG 
943 |g Biblioteca del Ex Convento de Nuestra Señora de Guadalupe. Zacatecas 
999 |c 969362  |d 969362